| 000 | 01037nam a22002897a 4500 | ||
|---|---|---|---|
| 003 | OSt | ||
| 005 | 20131108122251.0 | ||
| 008 | 131108s1998 sz ||||| |||| 00| 0 spa d | ||
| 020 | _a92-4-354506-X | ||
| 040 | _cBiblioteca Medicina | ||
| 041 | _aspa | ||
| 082 | _aOMS QU 167 | ||
| 110 |
_aOrganizacion Mundial de la Salud _91006 |
||
| 245 | 0 | 0 | _aSuplementos de vitamina A: guia para su uso en el tratamiento y la prevencion de la deficiencia de vitamina A y de la xeroftalmia |
| 250 | _a2°ed. | ||
| 260 |
_aGinebra _bOrganizacion Mundial de la Salud _c1998 |
||
| 300 | _a30 p. | ||
| 653 | _aVITAMINA A-ADMINISTRACION & DOSIFICACION | ||
| 653 | _aVITAMINA A-USO TERAPEUTICO | ||
| 653 | _aXEROFTALMIA-QUIMIOTERAPIA | ||
| 653 | _aXEROFTALMIA-PREVENCION Y CONTROL | ||
| 653 | _aDEFICIENCIA DE VITAMINA A-QUIMIOTERAPIA | ||
| 653 | _aDEFICIENCIA DE VITAMINA A-PREVENCION Y CONTROL | ||
| 653 | _aPAUTAS | ||
| 942 |
_2ddc _cPH |
||
| 999 |
_c2042 _d2042 |
||
| 952 |
_pH0288 _40 _00 _bBFM _10 _oOMS QU 167 _d2013-11-08 _tEj. 1 _70 _cCR _2ddc _yPH _aBFM |
||